[Event "Bundesliga 0506"]
[Site "Germany"]
[Date "2006.03.11"]
[Round "12.3"]
[White "Hansen, Sune Berg"]
[Black "Sprenger, Jan Michael"]
[Result "1-0"]
[WhiteElo "2555"]
[BlackElo "2505"]
[Annotator "Ftacnik,L"]
[PlyCount "65"]
[EventDate "2005.10.21"]
[EventType "team-tourn"]
[EventRounds "15"]
[EventCountry "GER"]
[SourceTitle "CBM 112"]
[Source "ChessBase"]
[SourceDate "2006.06.07"]
[SourceVersion "1"]
[SourceVersionDate "2006.06.07"]
[SourceQuality "1"]
[WhiteTeam "Hamburger SK"]
[BlackTeam "Godesberg"]
[WhiteTeamCountry "GER"]
[BlackTeamCountry "GER"]

1. e4 c5 2. Nf3 d6 3. d4 cxd4 4. Nxd4 Nf6 5. Nc3 a6 6. Be2 e5 7. Nb3 Be7 8. O-O
O-O 9. Kh1 b6 10. Be3 Bb7 11. f3 b5 12. a4 b4 13. Nd5 Nxd5 14. exd5 Nd7 15. c3
bxc3 16. bxc3 Bg5 17. Bf2 Qc7 18. c4 Rfb8 {Very interesting idea for black
might have been to occupy the a5 square with the black pawn.} (18... a5 19. Qe1
(19. Nd2 f5 20. Nb1 Rf6 21. Nc3 Raf8 22. Nb5 Qd8 23. Rb1 {1/2 Jakovenko,D 
(2552)-Sasikiran,K (2650)/Pardubice 2002/ (45)}) 19... Rfb8 20. Ra3 g6 21. Bd3
f5 22. Qe2 Nf6 23. Qc2 Re8 24. Ra2 Rac8 25. Qb1 Ba6 $15 {1/2 Zhang Zhong (2657)
-Sasikiran,K (2569)/Hastings 2002/ (65)}) (18... Rab8 19. a5 Rfe8 20. Rb1 g6
21. Bd3 Ba8 22. Qc2 Rb4 23. Be1 Rbb8 24. Bf2 Rb4 25. Be1 Rbb8 26. Bf2 {1/2
Onischuk,A (2625)-De Firmian,N (2570)/Luzern 1997/}) 19. Ra2 (19. a5 Bc8 20. c5
(20. Qc2 Rb4 21. Bd3 g6 22. Rfb1 Rab8 23. Be1 R4b7 24. Nd2 Be3 25. Rxb7 Rxb7
26. g4 Bd4 $17 {0-1 Netzer,J (2316)-De Firmian,N (2553)/Stockholm 2003/ (41)})
20... dxc5 21. d6 Qc6 22. Bc4 Nf6 23. Nxc5 Rb2 24. Qa4 Qxa4 25. Nxa4 Rc2 26.
Bb3 Rd2 27. Nb6 $16 {1-0 Jakovenko,D (2596)-Fedorowicz,J (2507)/Montreal 2005/
(49)}) 19... Bc8 (19... Nf6 20. Rb2 (20. Rc2 a5 $1 $15) 20... g6 21. a5 $11)
20. c5 $5 {Standard idea of pawn sacrifice is trying to prove, that black
heavy pieces locked in the corner will not have enough freedom and play.} dxc5
(20... Qb7 21. Bc4 Qb4 22. Qc2 dxc5 23. d6 Nb6 24. Bd3 c4 25. Bxh7+ Kh8 26. Nc5
$14) (20... Nxc5 21. Nxc5 dxc5 22. d6 Qd8 23. Rc2 (23. Bxc5 Be6 $15) 23... Be6
24. Bc4 Bxc4 25. Rxc4 Rb2 $132) 21. d6 Qd8 (21... Qc6 22. Nxc5 $5 Nxc5 23. Rc2
Qxa4 24. Rxc5 Qxd1 25. Rxd1 Be6 $11) 22. a5 Bb7 (22... g6 23. Bc4 Bb7 24. Qe2
$14) 23. Nxc5 Nxc5 24. Bxc5 Rc8 25. Bb6 (25. Rb2 Qd7 26. Qc2 Bd5 27. Rd1 Qc6
28. Qd3 Qxc5 29. Qxd5 Qxd5 30. Rxd5 Rc1+ 31. Bd1 Kf8 32. g3 $14) 25... Qd7 26.
Bc7 Be3 $2 {[%mdl 8192] Sprenger must have missed either 27th or 30th white
move, in any case this provocative transfer of the bishop loses.} (26... Bc6
27. Qb3 Bd8 28. Bxd8 Rxd8 29. Rd2 $14) 27. Qb3 $1 Bc5 28. Qxb7 Bxd6 29. Rc2
Rab8 (29... Bxc7 30. Rfc1 Rab8 31. Rxc7 Qxc7 (31... Rxb7 32. Rxc8+ $18) 32.
Rxc7 $18) 30. Qxb8 $1 {The game will be instantly over due to the
vulnerability of the basic rank.} Rxb8 31. Bxb8 Bxb8 32. Rd1 Qe8 (32... Bd6 33.
Rxd6 Qxd6 34. Rc8+ $18) 33. Bxa6 1-0

[Event "Olympiad-39"]
[Site "Khanty-Mansiysk"]
[Date "2010.09.30"]
[Round "9.4"]
[White "Efimenko, Zahar"]
[Black "Safarli, Eltaj"]
[Result "1-0"]
[WhiteElo "2683"]
[BlackElo "2607"]
[Annotator "Ftacnik,L"]
[PlyCount "135"]
[EventDate "2010.09.21"]
[EventType "team-swiss"]
[EventRounds "11"]
[EventCountry "RUS"]
[SourceTitle "CBM 139"]
[Source "ChessBase"]
[SourceDate "2010.11.18"]
[SourceVersion "1"]
[SourceVersionDate "2010.11.18"]
[SourceQuality "1"]
[WhiteTeam "Ukraine"]
[BlackTeam "Azerbaijan"]
[WhiteTeamCountry "UKR"]
[BlackTeamCountry "AZE"]

1. e4 c5 2. Nf3 d6 3. d4 cxd4 4. Nxd4 Nf6 5. Nc3 a6 6. Be2 e5 7. Nb3 Be7 8. O-O
O-O 9. Be3 Be6 10. Nd5 Nbd7 11. Qd3 Bxd5 12. exd5 Nc5 {This opening position
has been tested many times in the last few years. Black has parted with the
ligh-squared bishop, but he believes the kingside activity will compensate for
the positional defect.} 13. Qd2 b6 {Safarli is making a serious positional
concession on the queenside in the hope of slowing down White's potential
attack. He is certainly avoiding lot of unpleasant tension that is present
after the more popular move 13...Nfe4.} (13... Qc7 14. f3 Nh5 15. Na5 h6 16. b4
Nd7 17. c4 Bg5 18. Bxg5 hxg5 19. g3 Nhf6 20. Bd3 e4 21. fxe4 Ne5 22. Kg2 Rae8
23. Rae1 Re7 24. Bb1 g4 $15 {0-1 Yu Shaoteng (2529)-Wen,Y (2520)/China 2010 
(49)}) (13... Nfe4 14. Qb4 a5 (14... b6 15. f3 (15. f4 f5 16. Bf3 Rb8 17. Qc4
Bf6 18. c3 exf4 19. Bxf4 b5 20. Qe2 Re8 21. Qc2 $11 {1-0 David,A (2544)-Bekker
Jensen,D (2264)/Antwerp 1999/ (59)}) (15. Nxc5 Nxc5 16. a4 a5 17. Qb5 Bg5 18.
Bxg5 Qxg5 19. Qxb6 Qe7 20. b4 Rfb8 21. bxc5 Rxb6 22. cxb6 Qd8 {0-1 Abreu,A 
(2480)-Delgado,N (2481)/Santa Clara 2001/ (45)}) 15... Nf6 16. Rad1 Nfd7 17.
Qd2 Qc7 18. Nc1 b5 19. b3 Nb6 20. a3 f5 21. g3 f4 22. gxf4 exf4 23. Bxf4 Rf5
24. c4 bxc4 25. bxc4 Re8 26. Kh1 Bf6 $15 {1/2-1/2 Short,N (2663)-Efimenko,Z 
(2688)/Wijk aan Zee 2009 (59)}) 15. Qc4 (15. Qb5 Qc7 (15... b6 16. f3 Nf6 (
16... Bg5 $2 17. Bxg5 Nxg5 18. h4 Nh3+ 19. gxh3 Qxh4 20. Rf2 $16) 17. Rfd1 Nfd7
18. Nd2 (18. Nxc5 bxc5 19. b3 f5 $14) 18... Bg5 19. Bf2 (19. Bxg5 Qxg5 20. Nc4
f5 21. c3 $14) 19... Qe7 (19... Bxd2 20. Rxd2 Qg5 21. Rdd1 f5 22. c3 e4 23. b4
$14) (19... f5 $5 20. Nc4 Rf6 $14) 20. Nc4 f5 (20... Rfc8 21. a3 a4 22. b4 axb3
23. cxb3 $16) 21. Qc6 b5 $1 22. Nxd6 (22. Qxb5 $5 Ra6 23. a4 Rb8 24. Bxc5 Rxb5
25. axb5 Nxc5 26. bxa6 Nxa6 27. Rxa5 Nc7 28. b4 $16) 22... Ra6 23. Bxb5 $1 (23.
Nxf5 Rxf5 24. Qc7 e4 25. d6 Qe6 26. Bxb5 e3 27. Bxa6 exf2+ 28. Kf1 Nxa6 29.
Qc8+ Kf7 30. Qxa6 Bh4 $17) 23... Rxc6 24. dxc6 {1/2-1/2 Milos,G (2620)
-Sadvakasov,D (2612)/Khanty Mansiysk 2005 (56)}) 16. Rfd1 (16. Nxc5 dxc5 17.
Qc4 Nf6 18. Rfd1 Bd6 19. a3 Nd7 20. Rab1 Rac8 21. g4 Qd8 22. Kh1 Qh4 23. Rg1 e4
24. Rg2 Rce8 $11 {0-1 Nikolenko,O-Voitsekhovsky,S/Minsk/1998/ (50)}) (16. Rad1
b6 17. f3 Nf6 18. f4 Nfd7 19. fxe5 dxe5 20. Qc6 Qd8 21. d6 Bg5 22. Bxg5 Qxg5
23. Bc4 {1-0 Cuijpers,F (2496)-Kohlweyer,B (2423)/Germany 2005/ (55)}) 16... b6
{Black is using the move b7-b6 anyway, but the white queen is quite active on
the queenside.} (16... a4 17. Nxc5 Nxc5 18. Qc4 Rac8 19. b4 axb3 20. cxb3 Qd8
21. Rac1 f5 22. b4 Ne4 23. Qxc8 Qxc8 24. Rxc8 Rxc8 25. Bd3 f4 26. Rc1 {1-0
Svidler,P (2710)-Gelfand,B (2675)/Haifa 1998 (35)}) 17. Qc4 (17. a3 f5 18. Nxc5
bxc5 $13) (17. f3 Nf6 (17... Nxb3 18. axb3 Nc5 19. b4 axb4 20. Qxb4 $14) 18.
Qc4 Qb7 $6 (18... a4 $5 19. Nxc5 dxc5 20. Qb5 Rfc8 21. a3 Bd6 $13) 19. Nxc5
bxc5 (19... dxc5 20. d6 Bd8 21. Qa4 Qc8 22. c3 $16) 20. Qb3 Qc7 (20... Qxb3 21.
axb3 Rfb8 22. Kf2 $14) (20... Rfb8 21. Qxb7 Rxb7 22. b3 a4 23. Bc4 $14) 21. Bb5
Nh5 (21... a4 22. Qd3 (22. Bxa4 c4 23. Qb5 Rab8 24. Qa6 Rxb2 25. Bc6 Rxc2 26.
Rdc1 Rxc1+ 27. Rxc1 $14) 22... Qa5 23. c4 a3 24. Rab1 $16) 22. Qc4 f5 23. c3 {
1-0 Areshchenko,A (2625)-Efimenko,Z (2643)/Rivne 2005 (44)}) 17... f5 18. Bd3
Qd8 (18... f4 $6 19. Bxe4 (19. Bxc5 Nxc5 20. Nxc5 Qxc5 21. Qe4 g6 $14) 19...
fxe3 20. fxe3 b5 21. Qc3 b4 22. Qc4 Bg5 23. Re1 Rac8 24. Nxc5 Qxc5 25. Qd3 h6
26. Bf5 $16) 19. Nxc5 Nxc5 20. a3 Rc8 21. Qb5 (21. b4 Nxd3 22. Qxd3 f4 23. Bd2
f3 $1 $15) 21... e4 22. Bf1 $13 {0-1 Svidler,P (2713)-Polgar,J (2677)/Dos
Hermanas 1999 (33)}) 15... Rc8 16. Nxc5 Nxc5 17. Qb5 f5 18. c3 {1/2-1/2
Svidler,P (2735)-Grischuk,A (2710)/Poikovsky 2005/}) 14. f3 Nh5 {Black is well
informed and thus avoids the interesting idea of advancing f3-f4 after 14..Qd7.
} (14... Qd7 15. f4 $5 (15. c3 a5 16. Rfd1 a4 17. Nc1 e4 18. f4 b5 19. h3 Bd8
20. Kh2 Bb6 21. Rb1 Rfb8 22. g4 Na6 23. Bxb6 Rxb6 24. g5 Ne8 25. a3 Qe7 26. Qe3
Rbb8 27. Na2 Nec7 28. Nb4 Nxb4 29. cxb4 Rf8 {1/2-1/2 Short,N (2674)-Hillarp
Persson,T (2618)/Malmo 2009 (54)}) 15... Nfe4 16. Qb4 Rfb8 17. Nxc5 Nxc5 18.
fxe5 dxe5 19. Rad1 Bd6 20. Qh4 Rf8 21. g4 Qa4 22. c4 Qc2 23. Rd2 Qe4 24. Qh3 a5
25. b3 $14 {Shirov,A-Topalov,V/Sarajevo/1999/ 1-0 (76)}) 15. Rfd1 f5 16. Nxc5
bxc5 {It would have been suicidal to enable the march of White's d-pawn.} (
16... dxc5 $2 17. d6 Bf6 18. d7 $16) 17. c3 Bh4 18. Bd3 (18. b4 f4 19. Bf2
Bxf2+ 20. Kxf2 Qc7 $11) 18... g6 {Safarli is not sure, if the exchange of
dark-squared bishop would have been sufficient for equality.} (18... f4 19. Bf2
Bxf2+ 20. Qxf2 g6 $11) 19. b4 cxb4 20. cxb4 Bf6 $6 (20... f4 21. Bf2 Bxf2+ 22.
Qxf2 Qd7 $11) 21. Rab1 (21. Rac1 e4 22. fxe4 f4 23. Bf2 Bg5 24. Rf1 f3 25. Be3
Bxe3+ 26. Qxe3 fxg2 27. Kxg2 Nf4+ $14) 21... e4 $5 {Black badly needs to get
active play on the kingside, otherwise Efimenko will roll over him on the
other side of the board.} (21... Qe7 22. Be2 Nf4 23. Bf1 $16) 22. fxe4 Be5 23.
Bf2 {White prefers to play cautiously and not risk any surprises since the
black pieces can become very active.} (23. exf5 Qh4 24. g3 Nxg3 25. Qf2 (25.
fxg6 $2 Rf3 $1 26. gxh7+ Kh8 27. Re1 Raf8 $17) 25... Nxf5 26. Qxh4 Nxh4 $11) (
23. Bh6 $5 f4 (23... Bd4+ 24. Kh1 f4 25. Be2 (25. Bxf8 $2 Qh4 26. h3 Rxf8 $19)
25... Be3 26. Qb2 Qh4 27. Bxh5 Rf7 28. Bf3 Re8 29. Qc3 Qxh6 30. Bg4 $16) 24.
Be2 Rf7 25. Qe1 (25. Bxh5 gxh5 26. Rb3 Qf6 27. Bg5 Qg6 $11) 25... Nf6 26. Bf3
Rc7 27. Rbc1 $14) 23... f4 (23... Nf4 24. exf5 Nxd3 25. Qxd3 Rxf5 26. Rf1 $14)
24. Be2 Nf6 25. Qd3 (25. Bf3 g5 $1 (25... Qd7 26. Rdc1 $16) 26. h3 h5 27. Qe2
Qe8 $11) 25... g5 26. Qh3 Kg7 (26... Qe7 27. Qe6+ Qxe6 28. dxe6 Nxe4 29. Bd4
$16) (26... Nxe4 27. Bd3 Nf6 28. Bf5 $16) 27. Bg4 $2 {Efimenko must have been
very satisfied with his position as he has managed to stop Black's attack and
can now advance his case. Unfortunately he misses a great tactical shot. It
was much better to take the c-file under control.} (27. Rbc1 $1 Nxe4 (27... Rf7
28. Rc4 $16) 28. Bd3 Nf6 29. Qf5 $16) 27... Nxe4 28. Bf5 Rxf5 $1 (28... Nf6 29.
Rdc1 h5 30. Rc4 g4 31. Qd3 Nxd5 32. Be4 $16) 29. Qxf5 Nc3 {Safarli is winning
the exchange back and only has to cope with the advance of the b-pawn.} 30. a4
(30. Rdc1 Nxb1 31. Qxb1 Qd7 $11) 30... Rb8 31. Re1 Nxb1 32. Rxb1 Rb7 (32... Qf6
33. Qxf6+ Kxf6 34. b5 axb5 35. axb5 Kf5 36. b6 Ke4 37. Rb5 Rb7 $11) 33. b5 axb5
34. axb5 Qf6 35. Qxf6+ Kxf6 36. b6 Bc3 $6 {[%mdl 4096] I feel compassion with
Black's feeling that he may lose to the pesky b-pawn. Fortunately his king can
be centralizsed in time and cope with White's f2-bishop.} (36... Kf5 $1 37. Rc1
Ke4 38. Rc7 Rb8 39. b7 Kxd5 40. Ba7 Bd4+ 41. Bxd4 Kxd4 42. Rxh7 Kc5 43. Rg7 Kc6
44. Rxg5 Rxb7 45. Rf5 d5 46. Rxf4 Kd6 $11) 37. Rc1 Ba5 38. Kf1 Ke5 (38... Bxb6
39. Rb1 Ke5 40. Rb5 Bxf2 41. Rxb7 Bh4 42. Ke2 Kxd5 43. Kf3 $16) 39. Ra1 Bb4 $2
{Black is still unsure what to do with his problem; it was much stronger to
put the bishop to the c3-square.} (39... Bc3 $1 40. Ra7 Rb8 41. Rxh7 Kxd5 42.
Rh5 Ra8 43. Rxg5+ Ke4 $11) 40. Ra7 Rb8 41. Rxh7 Bc5 42. b7 Kxd5 43. Rc7 Kc4 44.
Rg7 Kd3 $6 {Safarli remains confused till the end and ignores the chance to
advance his pawns in order to generate counterplay.} (44... d5 45. Rc7 d4 46.
Ke2 g4 47. Kd2 Kd5 48. Kd3 Bd6 49. Rg7 Be5 $14) 45. h3 Be3 46. Rd7 Ke4 47. Ke2
Bxf2 (47... Bc5 48. Bxc5 dxc5 49. Kd2 Ke5 50. Kd3 Ke6 51. Rg7 Kd6 52. Kc4 $16)
(47... d5 48. Re7+ Kd4 49. Bxe3+ fxe3 50. g3 Rf8 51. Rxe3 $18) 48. Kxf2 {
Without bishops on the board the winning chances for White are excellent.
Black will lose the better part of his army when trying to eliminate the
b7-pawn.} d5 (48... Kd5 49. Rc7 $1 (49. Kf3 Kc6 50. Rg7 d5 51. Rxg5 Rxb7 52.
Kxf4 Rb4+ $14) 49... Ke5 50. Kf3 $16) 49. Ke2 Ke5 50. Kd3 Ke6 51. Rc7 Kd6 52.
Rh7 Rf8 (52... Kc6 53. Kd4 Re8 54. Re7 Rb8 55. Rg7 Re8 56. Rg6+ Kxb7 57. Kxd5)
53. Rf7 Re8 54. Rg7 Kc6 55. Re7 Rf8 56. Kd4 Rd8 57. Rg7 Re8 58. Rg6+ Kxb7 59.
Kxd5 {Most likely taking the g5-pawn was also sufficient for a win.} (59. Rxg5
Re3 60. Kxd5 f3 61. g4 f2 62. Rf5 Re2 63. Kd4 Kc7 64. Kd3 Ra2 65. Ke3 Ra3+ 66.
Kxf2 Rxh3 67. Rf3 Rh8 68. Rd3 $18) 59... f3 60. gxf3 Rh8 (60... Re3 61. Rxg5
Rxf3 62. h4 Rf6 63. Ke5 Rh6 64. Rg4 $18) 61. Rxg5 Rxh3 62. f4 Kc7 63. Ke6 {
The black king has no chance to get into the line of advance of the pawn and
White will achieve the celebrated Lucena bridge position.} Rh6+ 64. Kf7 Rh7+
65. Rg7 Rh6 66. f5 Kd7 67. f6 Rh8 68. Rg1 1-0